000 00887nam a22002177a 4500
003 URS
005 20220602092932.0
008 220602b ||||| |||| 00| 0 eng d
100 _91529
_aDela Cruz, Patricia Paola E.
_eauthor
245 _aEstablishment of clothing business in Cardona, Rizal
_cPatricia Paola E. Dela Cruz, Claire D. Ramos, Rence Ivan DJ San Juan
300 _axiii, 82 leaves
_c28 cm.
336 _2rdacontent
_atext
337 _2rdamedia
_aunmediated
338 _2rdacarrier
_avolume
502 _aThesis
_bBachelor of Science in Business Administration Major in Marketing Management
_cUniversity of Rizal System, Binangonan
_d2018
504 _aIncludes bibliographical references.
700 _91530
_aRamos, Claire D.
_eauthor
700 _91531
_aSan Juan, Rence Ivan DJ
_eauhtor
700 _91532
_aCarmina G. Taule, RGc., RPm., LPT
_eadviser
942 _2lcc
_cT
999 _c58168
_d58168